Máj /
21. října by oslavil 100. narozeniny významný český herec s podmanivým, lehce zastřeným hlasem VÁCLAV VOSKA (*21.10.1918 – † 20.8.1982), jenž v květnu a červnu 1967 nastudoval a nahrál pro Supraphon svoji recitaci lyrickoepické básně MÁJ (1836) z pera básníka a prozaika, představitele českého romant...
Uloženo v:
| Hlavní autor: | |
|---|---|
| Další autoři: | |
| Médium: | E-audiokniha |
| Vydáno: |
Praha :
Supraphon a.s.,
2018
|
| Tagy: |
Žádné tagy |
| LEADER | 01840nim a22003017i 4500 | ||
|---|---|---|---|
| 001 | 313282 | ||
| 007 | sr nunnnnnnned | ||
| 024 | |a 099925081126 | ||
| 044 | |a xr | ||
| 100 | 1 | |a Mácha, Karel Hynek |4 aut | |
| 245 | 1 | 0 | |a Máj / |c Mácha, Karel Hynek |
| 264 | 1 | |a Praha : |b Supraphon a.s., |c 2018 | |
| 300 | |a 1 online zdroj (1 hod., 11 min., 57 sek.) | ||
| 336 | |a mluvené slovo |b spw |2 rdacontent | ||
| 337 | |a audio |b s |2 rdamedia | ||
| 338 | |a online zdroj |b cr |2 rdacarrier | ||
| 505 | 0 | 0 | |t Zpìv 1: (Byl pozdní veèer, první máj...) (11 min., 2 sek.) |
| 505 | 0 | 0 | |t Zpìv 2 (Klesla hvìzda s nebes výe...) (19 min., 11 sek.) |
| 505 | 0 | 0 | |t Intermezzo I - Půlnoc (Krajina) (6 min., 36 sek.) |
| 505 | 0 | 0 | |t Zpěv 3: (Nad temné hory růžný den...) (21 min., 59 sek.) |
| 505 | 0 | 0 | |t Intermezzo II (Stojí hory proti sobì...) (2 min., 52 sek.) |
| 505 | 0 | 0 | |t Zpìv 4 (Krásný máj uplynul...) (10 min., 21 sek.) |
| 520 | 2 | |a 21. října by oslavil 100. narozeniny významný český herec s podmanivým, lehce zastřeným hlasem VÁCLAV VOSKA (*21.10.1918 – † 20.8.1982), jenž v květnu a červnu 1967 nastudoval a nahrál pro Supraphon svoji recitaci lyrickoepické básně MÁJ (1836) z pera básníka a prozaika, představitele českého romantismu a zakladatele moderní české poezie KARLA HYNKA MÁCHY ( *16.11.1810 – †6.11.1836). Supraphon pak tuto nahrávku vydal v roce 1968 na titulu 2 18 0401. Titul nyní vydáváme poprvé digitálně | |
| 700 | 1 | |a Voska, Václav |4 nrt | |
| 910 | |a RBIT002 | ||
| 998 | |d 402263 |a https://core.palmknihy.cz/api/books/402263/cover?sbf6bu |b https://core.palmknihy.cz/api/books/402263/cover/400?sbf6bu |c https://core.palmknihy.cz/api/books/402263/cover/50?sbf6bu |e 2099-01-01 |i 099925081126 |l 4317 |q 49 |r 1 |s https://www.palmknihy.cz/kniha/402263 |t audiobook |y 2018 |z 1 | ||
| 999 | |d 313280 | ||